Score 0/10 Timer 03:00
0 Plays Today
Clue 4-Letter Word % Correct
'____ Of Duty' (Video Game)CALL
97.9%
Apple's centerCORE
95.1%
• ____ Sagan, or Olympian Lewis •• CARL •
93.8%
Show concernCARE
91.9%
Cereal grainCORN
87.5%
Bring togetherJOIN
86.2%
• _____ Dalton, or New Testament Book •• JOHN •
86.1%
• ____ Dirac, or Left-handed Beatle •• PAUL •
82.7%
Element of change?COIN
81%
Get oldPALL
79.5%
Remove Ads.
Support Sporcle.
Get the best of Sporcle when you Go Orange. This ad-free experience offers more features, more stats, and more fun while also helping to support Sporcle. Thank you for becoming a member.

You're not logged in!

Compare scores with friends on all Sporcle quizzes.
OR
Log In

Sporcle TV

Today on Sporcle TV


Watch our educational content, quiz creation guides, and fun videos on Sporcle TV.

Show Comments

Extras

Top Quizzes Today


Score Distribution

Paid Content

Your Account Isn't Verified!

In order to create a playlist on Sporcle, you need to verify the email address you used during registration. Go to your Sporcle Settings to finish the process.

Report this User

Report this user for behavior that violates our Community Guidelines.

Details: